Blink 182 Trivia - Statistics

General Stats
  • This quiz has been taken 692 times
  • The average score is 11 of 15
Answer Stats
Hint Answer % Correct
Which member was in a plane crash? Travis
97%
Year the band was formed 1992
92%
Which genre is best related to Blink 182 Pop punk, punk rock
92%
Bass player Mark Hoppus
82%
Blink Guitarist Thomas Delonge
82%
Drummer Travis Barker
81%
Song of which its music video won a number of awards All the small things
78%
Name of the ex drummer Scott Raynor
77%
Original band name Blink
75%
Age of Raynor when he joined the band 14
72%
Blink side projects +44, Boxcar racer, angels & airwaves
66%
The band's first studio album Cheshire cat
60%
Length of the hiatus the band went on 4 years
57%
The first song Mark and Tom officially wrote together Carousel
50%
Why the old drummer was kicked out Alcohol abuse
14%
No matching quizzes found
Score Distribution
Percent of People with Each Score
Percentile by Number Answered
Your Score History
You have not taken this quiz